The Israel/Palestine question /

Bibliographic Details
Other Authors: Pappé, Ilan
Format: Book
Language:English
Published: London ; New York : Routledge, 1999.
Series:Rewriting histories.
Subjects:

MARC

Tag First Indicator Second Indicator Subfields
LEADER 00000cam a2200000 a 4500
001 in00001509021
005 20151021093125.0
008 980715s1999 nyu b 001 0 eng
010 |a  98036351  
020 |a 041516947X 
020 |a 0415169488 
035 |a (OCoLC)39747327 
035 |9 AJK4177AM 
040 |a DLC  |c DLC  |d TXA  |d UtOrBLW 
043 |a a-is--- 
049 |a TXAM 
050 0 0 |a DS119.7  |b .I82619 1999 
082 0 0 |a 956.04/2  |2 21 
245 0 4 |a The Israel/Palestine question /  |c edited by Ilan Pappe. 
264 1 |a London ;  |a New York :  |b Routledge,  |c 1999. 
300 |a ix, 278 pages ;  |c 25 cm. 
336 |a text  |b txt  |2 rdacontent 
337 |a unmediated  |b n  |2 rdamedia 
338 |a volume  |b nc  |2 rdacarrier 
490 1 |a Rewriting histories 
504 |a Includes bibliographical references and index. 
650 0 |a Jewish-Arab relations  |x History  |y 1917-1948. 
650 0 |a Israel-Arab War, 1948-1949  |x Historiography. 
650 0 |a Palestinian Arabs  |z Israel. 
700 1 |a Pappé, Ilan. 
830 0 |a Rewriting histories. 
948 |a c:dm 
999 |a MARS 
999 f f |s a50134ce-f950-3925-896f-c887b30517cb  |i 73bcc695-b599-3293-aaac-41dd280dc9f6  |t 0 
952 f f |p ric  |a Texas A&M University  |b Rellis Campus  |c Joint Library Facility  |d Remote Storage  |t 0  |e DS119.7 .I82619 1999  |h Library of Congress classification  |i unmediated -- volume  |m A14825249969 
998 f f |a DS119.7 .I82619 1999  |t 0  |l Remote Storage